000 00318nam a2200121Ia 4500
008 240731s9999 xx 000 0 und d
022 _a2327-6673
245 0 _aAsia Pacific Journal of Public Administration
260 _bRoutledge
856 _uhttps://www.tandfonline.com/loi/rapa20
942 _2ddc
942 _cTFEJ
999 _c75444
_d75444
945 _a1
_bMadushi Gamage
_c1
_dMadushi Gamage